Robert De Niro: 15 Seconds of Fame Quiz Stats

 Plays Quiz not verified by Sporcle

Support Sporcle.
Go Orange.
Score 0/10 Timer 00:15
0 Plays Today
% Correct
Fockers
86%
Hunter
84%
Expectations
79%
Angels
79%
Room
78%
Slowly
78%
Glory
77%
Grandpa
71%
Kill
70%
Vegas
67%

You're not logged in!

Compare scores with friends on all Sporcle quizzes.
OR
Log In

From the Vault

5 in 15: Lord of the Rings Characters

by Doctor_Arzt

We're pretty sure there were more than five characters in 'The Lord of the Rings,' right?
Remove Ads.
Support Sporcle.
Get the best of Sporcle when you Go Orange. This ad-free experience offers more features, more stats, and more fun while also helping to support Sporcle. Thank you for becoming a member.

Show Comments

Extras

Top Quizzes Today


Score Distribution

Your Account Isn't Verified!

In order to create a playlist on Sporcle, you need to verify the email address you used during registration. Go to your Sporcle Settings to finish the process.

Report this User

Report this user for behavior that violates our Community Guidelines.

Details: